Giáo trình quản trị kinh doanh khách sạn

Сохранить в:
Библиографические подробности
Главный автор:  Nguyễn Văn Mạnh
Формат: Sách
Язык:Undetermined
Опубликовано:  Lao động - Xã hội  2004
Предметы:
Метки: Добавить метку
Нет меток, Требуется 1-ая метка записи!
Thư viện lưu trữ: Trung tâm Thư viện - Trường Đại học Công nghiệp TP. Hồ Chí Minh
LEADER 00537nam a2200157Ia 4500
001 UIH_04995
008 231011s9999 xx 000 0 und d
082 |a  647.94068 
100 |a  Nguyễn Văn Mạnh 
245 0 |a  Giáo trình quản trị kinh doanh khách sạn 
245 0 |c  Nguyễn Văn Mạnh 
260 |b  Lao động - Xã hội 
260 |c  2004 
650 |a  Quản trị khách sạn%;  
927 |a Sách 
980 |a Trung tâm Thư viện - Trường Đại học Công nghiệp TP. Hồ Chí Minh